00335nam a2200121Ia 4500008004000000082001300040100004300053245005000096250000500146260004300151300001300194440000600207210210b1975 xxu||||| |||| 00| 0 eng d a954 DAYO aDAYAL (Raghubir) and BARROW (A. E. T). aOutline of Indian history and culture. Vol 2. a aNew Delhi.bOrient Longman Ltd.,c1975 aviii,368 a2